A quest for the source : the ontogenesis of a creation myth of the Ata Tana Ai

Bibliographic Details
Published in:To speak in pairs, ed. by James J. Fox, Cambridge, 1988, P. 246-281 (Cambridge studies in oral and literate culture)
Main Author: Lewis, E.D.
Content type: Article
Published: 1988
Source:MPIPL_cat

MARC

LEADER 00000naa a2200000 u 4500
001 PL0052340
003 PLI01000000000000000052073
005 00000000000000.0
008 ||| u
100 1 |a Lewis, E.D. 
245 0 2 |a A quest for the source  |b the ontogenesis of a creation myth of the Ata Tana Ai  |c E.D. Lewis 
260 |c 1988 
696 |a Lewis, E. Douglas 
773 0 8 |t To speak in pairs  |a ed. by James J. Fox  |d Cambridge, 1988  |g P. 246-281  |k Cambridge studies in oral and literate culture  |w MPIPL_cat.PL0052330  |z 0-521-34332-1  |i In: 
952 |j 1988  |h P. 246-281 
996 |a Aufsatz 
997 |a book chapter